Immigrants raising citizens: undocumented parents and their young children/
Salvato in:
| Autore principale: | |
|---|---|
| Natura: | Libro |
| Lingua: | English |
| Pubblicazione: |
New York:
Russell Sage Foundation,
2011
|
| Tags: |
Aggiungi Tag
Nessun Tag, puoi essere il primo ad aggiungerne!!
|
MARC
| LEADER | 00000nam a22000007a 4500 | ||
|---|---|---|---|
| 003 | cru CIDCACS/IIS | ||
| 005 | 20180301162837.0 | ||
| 007 | ta | ||
| 008 | 180301t2011 nyu|||||r|||||||| ||eng|d | ||
| 999 | |c 41095 |d 41095 | ||
| 020 | |a 9780871549860 | ||
| 040 | |c cru CIDCACS/IIS | ||
| 090 | |a 14.01.01 Y65i | ||
| 100 | 1 | |9 6722 |a Yoshikawa, Hirokazu | |
| 245 | 1 | |a Immigrants raising citizens: |b undocumented parents and their young children/ |c Hirokazu Yoshikawa | |
| 260 | |a New York: |b Russell Sage Foundation, |c 2011 | ||
| 300 | |a 196 páginas: |b mapas | ||
| 500 | |a Donado por Joanna Dreby | ||
| 942 | |2 ddc |c LI | ||



